South Eastern Kenya University

Library Online Public Access Catalogue


Commercial and biomedical applications of ultrafast lasers V : (Record no. 14105)

MARC details
000 -LEADER
fixed length control field 00748cam a22001697a 4500
020 ## - ISBN
International Standard Book Number 0819456888
050 00 - LIBRARY OF CONGRESS CALL NUMBER
Classification Number R857.L37
Item Number C65 2005
245 00 - TITLE
Title Commercial and biomedical applications of ultrafast lasers V :
Remainder of title 24-27 January, 2005, San Jose, California, USA /
Statement of responsibility, etc Joseph Neev ... [et al.], chairs/editors ; sponsored by SPIE--the International Society for Optical Engineering ; Spectra Physics (USA) IMRA America, Inc. ; published by SPIE--the International Society for Optical Engineering.
260 ## - PUBLICATION, DISTRIBUTION, ETC.(IMPRINT)
Place of publication, distribution, etc Bellingham, Wash. :
Name of publisher, distributor, etc SPIE,
Date of publication, distribution, etc c2005.
300 ## - PHYSICAL DESCRIPTION
Extent viii, 304 p. :
650 #0 - SUBJECT--TOPIC
Form subdivision Congresses.
650 #0 - SUBJECT--TOPIC
Form subdivision Congresses.
650 #0 - SUBJECT--TOPIC
General subdivision Industrial applications
Form subdivision Congresses.
650 #0 - SUBJECT--TOPIC
Form subdivision Congresses.
700 1# - ADDED ENTRY--PERSONAL AUTHOR
Personal Name Neev, Joseph.
942 ## - ADDED ENTRY ELEMENTS(KOHA)
Source of classification or shelving scheme Library of Congress Classification
Koha item type General circulation
Holdings
Source of classification or shelving scheme Not for loan Location (home branch) Sublocation (holding branch) Shelving location Date accessioned Full call number Barcode Nonpublic note Koha item type
Library of Congress Classification   Main Campus Library Main Campus Library   17/05/2016 R857.L37 C65 2005 2016/018011 amm General circulation
Kitui, Kenya.
+254736116989
library@seku.ac.ke